[Event "Buenos Aires 111 Years qual"]
[Site "Buenos Aires"]
[Date "2016.04.18"]
[Round "2.4"]
[White "Martinez, Jose Enrique"]
[Black "Cisneros, German"]
[Result "1/2-1/2"]
[WhiteElo "1816"]
[BlackElo "1966"]
[PlyCount "84"]
[EventDate "2016.04.14"]
[EventType "swiss"]
[EventRounds "7"]
[EventCountry "ARG"]
[SourceTitle "EXT 2024"]
[Source "ChessBase"]
[SourceDate "2023.10.10"]
[SourceVersion "1"]
[SourceVersionDate "2023.10.10"]
[SourceQuality "1"]

1. e4 c5 2. Bc4 Nc6 3. c3 Ne5 4. Be2 d5 5. Nf3 Nxf3+ 6. Bxf3 dxe4 7. Bxe4 Nf6 8. Bf3 e6 9. d3 Be7 10. 0-0 0-0 11. Na3 Qc7 12. Qe2 Bd7 13. Nc4 Rad8 14. a4 Bc6 15. g3 Bxf3 16. Qxf3 Qd7 17. Rd1 Qd5 18. Qe2 Rfe8 19. Ne3 Qc6 20. Nc4 Qd5 21. Ne3 Qe5 22. Qf3 Nd5 23. d4 cxd4 24. Rxd4 Nf6 25. Rxd8 Rxd8 26. Qxb7 Bc5 27. Qf3 a5 28. Rb1 Nd5 29. Kg2 h6 30. Nxd5 Rxd5 31. Bf4 Qf5 32. Re1 Qc2 33. Rc1 Qxb2 34. c4 Rf5 35. g4 Rf6 36. Qa8+ Kh7 37. Qe4+ g6 38. Rc2 Rxf4 39. Qxf4 Qxc2 40. Qxf7+ Kh8 41. Qf6+ Kg8 42. Qxe6+ Kh7 1/2-1/2

[Event "Paraguay Gran Prix U2300 07"]
[Site "Paraguay"]
[Date "2013.07.24"]
[Round "7.3"]
[White "Martinez, Jose Enrique"]
[Black "Benedetti, Julio"]
[Result "0-1"]
[WhiteElo "1871"]
[BlackElo "2200"]
[PlyCount "96"]
[EventDate "2013.07.08"]
[EventType "swiss"]
[EventRounds "9"]
[EventCountry "ARG"]
[SourceTitle "EXT 2024"]
[Source "ChessBase"]
[SourceDate "2023.10.10"]
[SourceVersion "1"]
[SourceVersionDate "2023.10.10"]
[SourceQuality "1"]

1. e4 c5 2. Bc4 e6 3. Nc3 a6 4. a4 g6 5. d3 Bg7 6. Nge2 Nf6 7. Bg5 h6 8. Bd2 d5 9. exd5 exd5 10. Bb3 0-0 11. 0-0 d4 12. Nb1 Nc6 13. Na3 Kh7 14. Nc4 b6 15. Ng3 Bg4 16. f3 Be6 17. Re1 Nd5 18. Qc1 Re8 19. Ne4 f5 20. Ng3 Bg8 21. Rxe8 Qxe8 22. Qe1 Qd8 23. Ne2 Ra7 24. Nf4 Re7 25. Qf2 Nxf4 26. Bxf4 b5 27. axb5 axb5 28. Na3 Bxb3 29. cxb3 Nb4 30. Qd2 g5 31. Bg3 Re3 32. Nxb5 Rxd3 33. Qc1 Qd5 34. Be1 Rxb3 35. Bxb4 Rxb4 36. Nc7 Qe5 37. Na6 Rb5 38. Qc4 Rxb2 39. Nxc5 d3 40. Nxd3 Qe3+ 41. Kh1 Rd2 42. Nc5 Bxa1 43. Qf7+ Bg7 44. Qxf5+ Kg8 45. Qc8+ Kf7 46. Qb7+ Kg6 47. Qb1+ Kf7 48. Qb7+ Kg8 0-1

[Event "Buenos Aires Duchamp op 1st"]
[Site "Buenos Aires"]
[Date "2011.09.17"]
[Round "5"]
[White "Papez, Boris Alejandro"]
[Black "Martinez, Jose Enrique"]
[Result "1-0"]
[WhiteElo "2028"]
[BlackElo "1818"]
[PlyCount "46"]
[EventDate "2011.09.12"]
[EventType "swiss"]
[EventRounds "9"]
[EventCountry "ARG"]
[SourceTitle "EXT 2014"]
[Source "ChessBase"]
[SourceDate "2013.11.20"]
[SourceVersion "1"]
[SourceVersionDate "2013.11.20"]
[SourceQuality "1"]

1. e4 e6 2. d3 Nc6 3. g3 Nf6 4. Bg2 e5 5. Nc3 Bb4 6. Nge2 d6 7. 0-0 h6 8. Nd5 Nxd5 9. exd5 Ne7 10. d4 0-0 11. c4 exd4 12. Nxd4 Bc5 13. Be3 a6 14. Qh5 Ng6 15. Ne6 fxe6 16. Qxg6 Rf6 17. Qh5 exd5 18. Bxd5+ Kh8 19. Bg5 Rf5 20. Bxd8 Rxh5 21. Bxc7 Bh3 22. Bg2 Bxg2 23. Kxg2 b6 1-0

[Event "Buenos Aires Duchamp op 1st"]
[Site "Buenos Aires"]
[Date "2011.09.14"]
[Round "3"]
[White "Perez Aguado, Sergio Maximiliano"]
[Black "Martinez, Jose Enrique"]
[Result "0-1"]
[WhiteElo "1652"]
[BlackElo "1818"]
[PlyCount "22"]
[EventDate "2011.09.12"]
[EventType "swiss"]
[EventRounds "9"]
[EventCountry "ARG"]
[SourceTitle "EXT 2014"]
[Source "ChessBase"]
[SourceDate "2013.11.20"]
[SourceVersion "1"]
[SourceVersionDate "2013.11.20"]
[SourceQuality "1"]

1. e4 e6 2. d4 d5 3. Nd2 c5 4. c3 Nc6 5. Bb5 cxd4 6. Bxc6+ bxc6 7. Qa4 Qb6 8. cxd4 Bd7 9. Ngf3 c5 10. Qd1 c4 11. exd5 Bb5 0-1

[Event "Buenos Aires Duchamp op 1st"]
[Site "Buenos Aires"]
[Date "2011.09.12"]
[Round "1"]
[White "Paveto, Kevin"]
[Black "Martinez, Jose Enrique"]
[Result "1-0"]
[WhiteElo "2235"]
[BlackElo "1818"]
[PlyCount "31"]
[EventDate "2011.09.12"]
[EventType "swiss"]
[EventRounds "9"]
[EventCountry "ARG"]
[SourceTitle "EXT 2014"]
[Source "ChessBase"]
[SourceDate "2013.11.20"]
[SourceVersion "1"]
[SourceVersionDate "2013.11.20"]
[SourceQuality "1"]

1. e4 e6 2. d4 d5 3. Nd2 Nf6 4. e5 Nfd7 5. Bd3 c5 6. c3 Nc6 7. Ne2 cxd4 8. cxd4 Bb4 9. 0-0 0-0 10. Nf3 f6 11. Nf4 Qe8 12. Qe2 fxe5 13. dxe5 Bc5 14. Ng5 Ndxe5 15. Bxh7+ Kh8 16. Bg6 1-0